| 000 | 00443nam a2200181Ia 4500 | ||
|---|---|---|---|
| 001 | 7410 | ||
| 005 | 20260306160453.0 | ||
| 008 | 260306t2004||||xx |||||||||||||| ||spa|| | ||
| 041 | _aESP | ||
| 082 |
_a338.98 _bC43 |
||
| 100 |
_aLeyton Muñoz, Carlos _eAUT |
||
| 245 | 0 | _aDesarrollo local / regional y descentralizacion | |
| 260 | _c2004 | ||
| 300 |
_a247 páginas : _c23cm. |
||
| 650 | _aGEN | ||
| 654 | _aCAN | ||
| 942 |
_cLIB _dJUS _fJUS _2ddc _n |
||
| 999 |
_c7410 _d7410 |
||